| 000 | 00838cam a2200241 a 4500 | ||
|---|---|---|---|
| 999 |
_c127724 _d127724 |
||
| 001 | 573812 | ||
| 003 | ARRUPE | ||
| 005 | 20180326093834.0 | ||
| 008 | 891023t19851950fr a b 000 0 fre c | ||
| 010 | _a 89197928 | ||
| 020 | _a2130390897 | ||
| 040 |
_aMH _cMH _dDLC |
||
| 050 | 1 | 4 |
_aGN400 _b.M3 1989 |
| 100 | 1 |
_aMauss, Marcel, _d1872-1950. _938599 |
|
| 245 | 1 | 0 |
_aSociologie et anthropologie / _cMarcel Mauss. |
| 260 |
_aParis : _bQuadrige, _c1989 |
||
| 300 |
_alii, 482 p. : _c19 cm. |
||
| 490 | 1 |
_aQuadrige, _x0291-0489 ; _v58 |
|
| 500 | _aPublished originally in 1950 | ||
| 504 | _aIncludes bibliographical references. | ||
| 650 | 0 |
_aPrimitive societies. _917090 |
|
| 830 | 0 |
_aQuadrige (Presses universitaires de France) ; _v58. _940808 |
|
| 906 |
_a7 _bcbc _corignew _du _encip _f19 _gy-gencatlg |
||
| 942 |
_2lcc _cMONOGRAPH |
||